Missing Word: 'C' Music Artists Quiz Stats

Quiz Updated Jan 26, 2015

Challenge
Share
Tweet
Embed
Score 0/20 Timer 03:00
1 Play Today
Hint Answer % Correct
Johnny CashFire
95.6%
Johnny CashWalk
95.2%
Mariah CareyChristmas
95.2%
Kelly ClarksonBeen
92.4%
Johnny CashThat
82.4%
Kelly ClarksonKill
81.4%
Johnny CashSue
79.5%
Johnny CashBlues
79.1%
ColdplayViva
71.3%
Kelly ClarksonSuck
69.5%
Hint Answer % Correct
Mariah CareyBelong
66.8%
ColdplaySound
63.2%
Mariah CareyBaby
60.4%
ColdplayYou
45%
Kelly ClarksonMoment
42.5%
Mariah CareyBody
38.9%
Kelly ClarksonBecause
24.6%
Mariah CareySweet
20.2%
ColdplayTeardrop
19.3%
ColdplayLights
7.7%

Today's Daily Dose

Missing Word
Actress of Thrones

Word Ladder
Black Phrases

Quick Pick
'B' Beverages

On This Day
February 21st II

You're not logged in!

Compare scores with friends on all Sporcle quizzes.
Sign Up with Email
OR
Log In

You Might Also Like...

Show Comments

Extras

Top Quizzes Today


Score Distribution

Your Account Isn't Verified!

In order to create a playlist on Sporcle, you need to verify the email address you used during registration. Go to your Sporcle Settings to finish the process.